| 000 | 00589nam a22001817a 4500 | ||
|---|---|---|---|
| 999 |
_c11327 _d11327 |
||
| 008 | 181116b ||||| |||| 00| 0 eng d | ||
| 020 | _a978-0-12-407682-2 | ||
| 082 |
_22016 _aDC 621.382 _bG762 |
||
| 100 |
_aGrami, Ali. _932570 |
||
| 245 |
_aIntroduction to digital communications / _cAli Grami |
||
| 260 |
_aAmsterdam: _bAcademic Press, _c©2016. |
||
| 300 |
_axvi, 587 pages: _billustrations; _c24 cm. |
||
| 500 | _aIncludes index. | ||
| 650 |
_aDigital communications _99483 |
||
| 650 |
_aSignal processing -- Digital techniques _932571 |
||
| 365 |
_b10,895.00 _cPhp. |
||
| 942 |
_2ddc _cDC |
||